Statistics for 2022 MLB League Leaders At ASG Break

Click here to take the quiz!

General Stats

  • This quiz has been taken 246 times
  • The average score is 61 of 100

Answer Stats

StatTeamAmountPlayer% Correct
RunsYankees74Aaron Judge
96%
HRYankees33Aaron Judge
96%
RBIYankees70Aaron Judge
96%
RunsCardinals64Paul Goldschmidt
93%
AVGCardinals.330Paul Goldschmidt
93%
OBPCardinals.414Paul Goldschmidt
93%
RBICardinals70Paul Goldschmidt
93%
HitsCardinals112Paul Goldschmidt
93%
HitsDodgers114Freddie Freeman
91%
AVGDodgers.321Freddie Freeman
91%
HRAngels24Mike Trout
89%
RunsDodgers63Mookie Betts
88%
HitsRed Sox112Rafael Devers
88%
AVGRed Sox.324Rafael Devers
88%
RunsRed Sox62Rafael Devers
88%
BBPhillies52Kyle Schwarber
87%
HRPhillies29Kyle Schwarber
87%
RunsPhillies62Kyle Schwarber
87%
K (Batters)Phillies120Kyle Schwarber
87%
HRMets24Pete Alonso
86%
RBIMets78Pete Alonso
86%
HRAstros26Yordan Alvarez
86%
OBPAstros.405Yordan Alvarez
86%
HRYankees24Giancarlo Stanton
84%
BBNationals79Juan Soto
83%
OBPNationals.405Juan Soto
83%
HitsDodgers111Trea Turner
79%
ABDodgers363Trea Turner
79%
HRBraves27Austin Riley
76%
RBIGuardians75Jose Ramirez
75%
WinsAstros12Justin Verlander
75%
WHIPAstros0.88Justin Verlander
75%
ERAAstros1.89Justin Verlander
75%
AVGTwins.338Luis Arraez
73%
OBPTwins.411Luis Arraez
73%
SavesMets20Edwin Diaz
72%
K (Pitchers)Yankees147Gerrit Cole
71%
WHIPMarlins0.90Sandy Alcantara
71%
ERAMarlins1.76Sandy Alcantara
71%
IPMarlins138.1Sandy Alcantara
71%
SBBraves20Ronald Acuna Jr.
70%
OBPRays.407Yandy Diaz
70%
SBMariners21Julio Rodriguez
68%
K (Pitchers)Phillies137Aaron Nola
64%
IPPhillies126.2Aaron Nola
64%
ABBlue Jays385Bo Bichette
63%
SavesBrewers27Josh Hader
62%
BBAstros53Alex Bregman
61%
RBIRockies69C.J. Cron
61%
WHIPBrewers0.90Corbin Burnes
61%
K (Pitchers)Brewers144Corbin Burnes
61%
ERABrewers2.14Corbin Burnes
61%
IPBraves119.1Max Fried
60%
WinsBraves10Max Fried
60%
HitsNationals106Josh Bell
59%
WinsRays10Shane McClanahan
58%
K (Pitchers)Rays147Shane McClanahan
58%
ERARays1.71Shane McClanahan
58%
WHIPRays0.80Shane McClanahan
58%
ABCardinals363Tommy Edman
58%
RunsCardinals64Tommy Edman
58%
SBCardinals20Tommy Edman
58%
ABOrioles363Cedric Mullins
56%
ABBraves365Matt Olson
56%
LossesNationals12Patrick Corbin
56%
HitsBraves106Dansby Swanson
53%
K (Pitchers)White Sox150Dylan Cease
53%
BBDodgers55Max Muncy
53%
K (Batters)Mariners124Eugenio Suarez
51%
WinsDodgers11Tony Gonsolin
51%
WHIPDodgers0.84Tony Gonsolin
51%
ERADodgers2.02Tony Gonsolin
51%
SavesBraves22Kenley Jansen
49%
AVGRoyals.317Andrew Benintendi
46%
SBOrioles22Jorge Mateo
46%
WinsBlue Jays10Alek Manoah
44%
SavesBlue Jays20Jordan Romano
44%
SBMarlins28Jon Berti
41%
IPGiants117.2Logan Webb
41%
K (Batters)Rangers105Adolis Garcia
34%
K (Batters)Cubs124Patrick Wisdom
34%
WinsDodgers10Tyler Anderson
34%
SavesRockies20Daniel Bard
33%
BBMariners51Jesse Winker
33%
WinsBraves10Kyle Wright
33%
SavesPadres26Taylor Rogers
33%
LossesMarlins9Trevor Rogers
32%
WinsMariners10Logan Gilbert
31%
IPCardinals120.1Miles Mikolas
31%
ABNationals369Cesar Hernandez
30%
K (Batters)Red Sox105Trevor Story
29%
LossesD-Backs9Madison Bumgarner
26%
K (Batters)Angels106Brandon Marsh
22%
WinsMets10Carlos Carrasco
22%
LossesAthletics9Frankie Montas
22%
LossesReds11Hunter Greene
22%
LossesMariners9Marco Gonzales
21%
WinsYankees10Jameson Taillon
20%
LossesRoyals9Brad Keller
16%
LossesNationals12Joan Adon
7%

Score Distribution

Percentile by Number Answered

Percent of People with Each Score

Your Score History

You have not taken this quiz